000 00367nam a22001457a 4500
003 OSt
008 250303b |||||||| |||| 00| 0 eng d
100 _aKUMAR, Gourav
245 _aAdvanced Concrete Material
260 _aNew Delhi,
_bNaples Indian:
_c2024.
300 _a786p.
650 _aFaculty Publication
700 _aTHAIYA, Vivek Kumar
942 _2ddc
_cBK
999 _c13169
_d13169